Arthur Samuel: (Record no. 22003)

MARC details
000 -LEADER
fixed length control field 00571nam a2200157Ia 4500
008 - FIXED-LENGTH DATA ELEMENTS--GENERAL INFORMATION
fixed length control field 081213s9999 xx 000 0 und d
050 ## - LIBRARY OF CONGRESS CALL NUMBER
Classification number BX8379
Item number .P4W55 1971
100 ## - MAIN ENTRY--PERSONAL NAME
Personal name Wilkson, John T.
245 ## - TITLE STATEMENT
Title Arthur Samuel:
Remainder of title a biography/
Statement of responsibility, etc John T. Wilkinson
260 ## - PUBLICATION, DISTRIBUTION, ETC. (IMPRINT)
Date of publication, distribution, etc 1971
Place of publication, distribution, etc London
Name of publisher, distributor, etc Epwort press
300 ## - PHYSICAL DESCRIPTION
Extent x,206 p.;
Dimensions 23 cm.
500 ## - GENERAL NOTE
General note includes bibliography
650 ## - SUBJECT ADDED ENTRY--TOPICAL TERM
Source of heading or term Peake, Authur s. (Arthnur Samuel)
Chronological subdivision 1865-1929
942 ## - ADDED ENTRY ELEMENTS (KOHA)
Item type Book
Source of classification or shelving scheme Library of Congress Classification
Holdings
Withdrawn status Lost status Source of classification or shelving scheme Damaged status Not for loan Collection code Home library Current library Shelving location Date acquired Total Checkouts Full call number Barcode Copy number Price effective from Koha item type
    Library of Congress Classification     Non-fiction Bishop Okullu Memorial Library (Limuru Campus) Bishop Okullu Memorial Library (Limuru Campus) General Circulation 06/10/2010   BX8379 .P4W55 1971 022293 1 06/10/2010 Book